Statystyki dla Wybrane pokemony Asha

Kliknij tutaj aby rozwiązać quiz!

Ogólne statystyki

  • Ten quiz został rozwiązany 1 091 razy
  • Średni wynik to 2 z 15

Statystyki odpowiedzi

HintOdpowiedź% Poprawnych
2pikachu
99%
4greninja
28%
7snorlax
21%
1tauros
17%
5butterfree
14%
9muk
11%
6lapras
10%
13goodra
9%
15noivern
8%
10noctowl
6%
8gible
4%
14oshawott
2%
12poipole
2%
11leavanny
1%
3powlet
1%

Rozkład punktacji

Percentyl według liczby udzielonych odpowiedzi

Procent ludzi z każdym wynikiem

Twoja historia wyników

Nie rozwiązałeś tego quizu